00357nam a2200085Ia 4500008004100000100002400041245012700065260006400192650001500256160725s9999 xx 000 0 und d aRamos, Antonette L. aSocio-demographic profile and emotional quotient of BS Psychology students of Southville International School and College. bKaizen Research Journal College of PsychologycJanuary 2014 aPSYCHOLOGY